000 00542nam a2200181 a 4500
001 000010152
005 20240412074215.0
008 091005s1975 dr a 001 0 spa d
040 _aDO-SdBNP
_bspa
_cBNPHU
082 _aRD861. 44
_bC957a
100 1 _aCruz, Francisco Antonio
_924898
245 1 0 _aAscensión de las piedras /
_cFrancisco Antonio Cruz.
260 _aSanto Domingo :
_bAmigo del Hogar,
_c1975.
300 _a147 p. :
_bil ;
_c21 cm.
650 0 _aPoesía dominicana
_966
650 0 _aLiteratura dominicana.
_967
049 _aBNPD
999 _c9911
_d9911